MARC

LEADER 00000nam0a2200000 4500
001 326802
005 20231102003909.0
035 |a (RuTPU)RU\TPU\book\352462 
090 |a 326802 
100 |a 20170117d1974 m y0rusy50 ca 
101 0 |a rus 
102 |a RU 
105 |a a z 000zy 
200 1 |a Концентрация производства на современном этапе  |f А. И. Павлова 
210 |a Москва  |c Экономика  |d 1974 
215 |a 47 с.  |c ил. 
225 1 |a Библиотечка хозяйственного руководителя 
606 1 |a Промышленность  |x Концентрация  |x Экономическая эффективность  |x Россия  |2 stltpush  |3 (RuTPU)RU\TPU\subj\52325  |9 70811 
610 1 |a производство 
610 1 |a экономика 
610 1 |a концентрация 
610 1 |a производительность труда 
610 1 |a производственные фонды 
610 1 |a управление предприятием 
675 |a 658.016.4  |v 3 
700 1 |a Павлова  |b А. И.  |g Антонина Ивановна 
801 1 |a RU  |b 63413507  |c 20170117 
801 2 |a RU  |b 63413507  |c 20190905  |g RCR 
942 |c BK